| 000 | 00456nam a2200157 a 4500 | ||
|---|---|---|---|
| 005 | 20140513081048.0 | ||
| 008 | 020925s19uu xx 00 eng d | ||
| 050 |
_aMAP _bWOR 2001 |
||
| 245 |
_aWorld map : _bnations of the world facts and figure. |
||
| 250 | _a2001 Ed. | ||
| 260 |
_aQuezon city, Philippines : _bProstyle Grafix, _c2001. |
||
| 300 | _aback to back pages | ||
| 500 | _aincludes world facts and figures | ||
| 650 | _aMaps | ||
| 999 |
_c116238 _d116238 |
||